000 00910nam a22002177a 4500
003 OSt
005 20170608093045.0
008 150408b xxu||||| |||| 00| 0 eng d
040 _cBMC
082 _a721
100 1 _935706
_aGarcía Pérez, Dagoberto Alfredo
245 1 0 _aPasantía en Arkad Estudio Digital, Departamento de Diseño
_b: Informe final
_cDagoberto Alfredo García Pérez
260 _aSanta Ana (El Salvador)
_bUniversidad Católica de El Salvador
_c2008
300 _a109 h.
_bil. col., planos
_c28 cm
_e+ 1 disco compacto
500 _aPrecede al tít.: Universidad Católica de El Salvador, Facultad de Ingeniería y Arquitectura
502 _aPara optar al título de Arquitecto
650 2 4 _98971
_aDiseño arquitectónico
650 2 4 _94860
_aProyectos de arquitectura
710 2 _91166
_aUniversidad Católica de El Salvador
_bFacultad de Ingeniería y Arquitectura
942 _2ddc
_cTG
999 _c22014
_d22014